Complétez l'expression française avec une image - Légumes - Statistiques

Statistiques générales
  • Ce quiz a été pris 171 fois
    118 depuis la dernière actualisation
  • Le résultat moyen est 11 sur 12
Statistiques - réponses
Hint Réponse % Correct

Expression

Être rouge comme une ____

images?q=tbn:ANd9GcS7xirUoAWmlABLdJKPK0HIT3y1nLNRoC4YFQ&s
98%

Expression

C’est la fin des ____

images?q=tbn:ANd9GcS7xirUoAWmlABLdJKPK0HIT3y1nLNRoC4YFQ&s
98%

Expression

Les ____ sont cuites

images?q=tbn:ANd9GcS7xirUoAWmlABLdJKPK0HIT3y1nLNRoC4YFQ&s
97%

Expression

Raconter des ____

images?q=tbn:ANd9GcS7xirUoAWmlABLdJKPK0HIT3y1nLNRoC4YFQ&s
97%

Expression

En avoir gros sur la ____

images?q=tbn:ANd9GcS7xirUoAWmlABLdJKPK0HIT3y1nLNRoC4YFQ&s
97%

Expression

Appuyer sur le ____

images?q=tbn:ANd9GcS7xirUoAWmlABLdJKPK0HIT3y1nLNRoC4YFQ&s
97%

Expression

S’occuper de ses ____

images?q=tbn:ANd9GcS7xirUoAWmlABLdJKPK0HIT3y1nLNRoC4YFQ&s
96%

Expression

Avoir un cœur d’____

images?q=tbn:ANd9GcS7xirUoAWmlABLdJKPK0HIT3y1nLNRoC4YFQ&s
95%

Expression

Être grand comme une ____

images?q=tbn:ANd9GcS7xirUoAWmlABLdJKPK0HIT3y1nLNRoC4YFQ&s
93%

Expression

Mettre du beurre dans les ____

images?q=tbn:ANd9GcS7xirUoAWmlABLdJKPK0HIT3y1nLNRoC4YFQ&s
93%

Expression

Ne pas avoir un ____

images?q=tbn:ANd9GcS7xirUoAWmlABLdJKPK0HIT3y1nLNRoC4YFQ&s
91%

Expression

Faire le ____

images?q=tbn:ANd9GcS7xirUoAWmlABLdJKPK0HIT3y1nLNRoC4YFQ&s
89%
Aucun quiz correspondant
Distribution des résultats
% des personnes avec chaque résultat
Percentile par nombre de réponses
Votre historique - résultats
Vous n’avez pas pris ce quiz depuis la dernière actualisation